000 00523nmm a2200169Ia 4500
008 251105s9999||||xx |||||||||||||||||und||
020 _a9788416095520
041 _aspa
100 _aSolozábal, Juan José (ed.)
245 0 _aLa reforma federal : España y sus siete espejos
264 _a[Madrid, España] :
_bBiblioteca Nueva,
_c2014
300 _a400 páginas
490 _aDossier del siglo XXI
650 _aPolitical Science (General)
856 _uhttps://public.digitaliapublishing.com/a/35456
942 _cCF
999 _c77235
_d77235